| 000 | 00490nam a2200169Ia 4500 | ||
|---|---|---|---|
| 008 | 140527s9999 xx 000 0 und d | ||
| 020 | _a9789712348747 | ||
| 050 |
_aHF 5550 _b.M44 2007 |
||
| 100 | _aMedina, Roberto G. | ||
| 245 |
_aBusiness finance / _cRoberto G. Medina. |
||
| 260 |
_aManila : _bRex Book Store, _cc2007. |
||
| 300 |
_a228 p. : _bill. ; _c23 cm. |
||
| 500 | _aIncludes index and bibliographical references. | ||
| 521 | _aBSBA | ||
| 942 |
_kLOC _cBK |
||
| 999 |
_c117516 _d117516 |
||